Statistics for Billy Joel Albums

Click here to take the quiz!

General Stats

  • This quiz has been taken 68 times
  • The average score is 10 of 17

Answer Stats

Answer% Correct
The Stranger
95%
Glass Houses
83%
Piano Man
83%
River of Dreams
76%
52nd Street
75%
The Bridge
71%
An Innocent Man
69%
Turnstiles
69%
Storm Front
69%
Cold Spring Harbor
68%
The Nylon Curtain
66%
Streetlife Serenade
63%
Fantasies and Delusions
34%
Songs in the Attic
31%
12 Gardens
8%
Live at Shea Stadium
8%
2000 Years
3%

Score Distribution

Percentile by Number Answered

Percent of People with Each Score

Your Score History

You have not taken this quiz